Statistiche per Paesi che Confinano con il Brasile

Clicka qui per fare il quiz!

Statistiche generali

  • Questo quiz è stato fatto 4.178 volte
  • Il punteggio medio è 9 su 10

Statistiche sulle risposte

Lunghezza
Paese% Corretto
1,261 kmArgentina
99%
1,068 kmUruguay
96%
1,365 kmParaguay
95%
1,644 kmColombia
94%
2,200 kmVenezuela
94%
2,995 kmPerù
93%
3,423 kmBolivia
92%
1,606 kmGuyana
85%
593 kmSuriname
85%
730 kmGuyana Francese (Francia)
75%

Distribuzione punteggi

Percentile per numero di risposta

Percentuale di utenti per punteggio

I tuoi punteggi nel tempo

Non hai fatto questo quiz